Sleeping With Your Business Partner : (Record no. 592113)

MARC details
000 -LEADER
fixed length control field 00463nam a2200181 a 4500
008 - FIXED-LENGTH DATA ELEMENTS--GENERAL INFORMATION
fixed length control field 251017s2010##################000#0#eng##
020 ## - INTERNATIONAL STANDARD BOOK NUMBER
ISBN 9788190939614
082 04 - DEWEY DECIMAL CLASSIFICATION NUMBER
Classification number 658.450973
Item number STE
100 1# - MAIN ENTRY--AUTHOR NAME
Personal name Gross, Becky L. Stewart,
245 10 - TITLE STATEMENT
Title Sleeping With Your Business Partner :
260 ## - PUBLICATION, DISTRIBUTION, ETC. (IMPRINT)
Year of publication 2010.
650 #0 - SUBJECT ADDED ENTRY--TOPICAL TERM
Topical Term Business communication.
942 ## - ADDED ENTRY ELEMENTS (KOHA)
Koha item type English Books
Holdings
Withdrawn status Lost status Damaged status Not for loan Home library Current library Shelving location Date acquired Full call number Accession Number Price effective from Koha item type
        Anna Centenary Library Anna Centenary Library 6TH FLOOR, B WING 17.10.2025 658.450973 STE 224379 17.10.2025 English Books
        Anna Centenary Library Anna Centenary Library 6TH FLOOR, B WING 17.10.2025 658.450973 STE 224378 17.10.2025 English Books

Find us on the map